On shaky ground (Record no. 76391)
[ view plain ]
| 000 -LEADER | |
|---|---|
| fixed length control field | 01025cab a2200205 4500 |
| 001 - CONTROL NUMBER | |
| control field | ##L132288 |
| 008 - FIXED-LENGTH DATA ELEMENTS--GENERAL INFORMATION | |
| fixed length control field | 060124n2006 000 0 eng u |
| 035 ## - SYSTEM CONTROL NUMBER | |
| System control number | (Sirsi) u132288 |
| 041 0# - LANGUAGE CODE | |
| Language code of text/sound track or separate title | eng |
| 100 1# - MAIN ENTRY--PERSONAL NAME | |
| Personal name | Platt, Heather |
| 245 00 - TITLE STATEMENT | |
| Title | On shaky ground |
| 260 ## - PUBLICATION, DISTRIBUTION, ETC. | |
| Date of publication, distribution, etc. | 2006 |
| 490 #0 - SERIES STATEMENT | |
| Series statement | New Law Journal |
| Volume/sequential designation | 156(7208) 20 January 2006, 91-93(3) |
| 520 ## - SUMMARY, ETC. | |
| Summary, etc. | Reports on the effects, regulations, guidance and case law relating to Hand Arm Vibration Syndrome (HAVS). Reviews employer's statutory obligations, HSE guidance to both employees and employers, symptoms and diagnosis of vibration white finger (the most common condition associated with HAVS), and discusses evidential problems in proving vibration white finger, particularly in the light of the comments in "Whalley v Montracon Ltd" ([2005] EWCA Civ 1383, Independent 24 November 2005). |
| 590 ## - LOCAL NOTE (RLIN) | |
| Local note | IKA310106 |
| 650 24 - SUBJECT ADDED ENTRY--TOPICAL TERM | |
| Topical term or geographic name entry element | CONTROL OF VIBRATION AT WORK REGULATIONS 2005 |
| 650 24 - SUBJECT ADDED ENTRY--TOPICAL TERM | |
| Topical term or geographic name entry element | WHALLEY V MONTRACON LTD |
| 690 ## - LOCAL SUBJECT ADDED ENTRY--TOPICAL TERM (OCLC, RLIN) | |
| Topical term or geographic name as entry element | Health and safety |
| 9 (RLIN) | 6244 |
| 942 ## - ADDED ENTRY ELEMENTS (KOHA) | |
| Suppress in OPAC | 0 |
| Withdrawn status | Lost status | Source of classification or shelving scheme | Damaged status | Not for loan | Home library | Current library | Shelving location | Date acquired | Total Checkouts | Full call number | Barcode | Date last seen | Copy number | Price effective from | Koha item type |
|---|---|---|---|---|---|---|---|---|---|---|---|---|---|---|---|
| Dewey Decimal Classification | London | London | Journal article | 24/01/2006 | L132288 | 132288-1001 | 06/08/2019 | 1 | 06/08/2019 | Journal article |